000 00283nam a22001337a 4500
008 181019b xxu||||| |||| 00| 0 eng d
020 _a9780070939868
041 _aeng
080 _26th
_a339.138
100 _a60
101 _aMKT
245 _aMarketing
_cCrane
942 _2udc
_cBK
999 _c50268
_d50268